<?xml version="1.0" encoding="UTF-8"?>
<record
    xmlns:xsi="http://www.w3.org/2001/XMLSchema-instance"
    xsi:schemaLocation="http://www.loc.gov/MARC21/slim http://www.loc.gov/standards/marcxml/schema/MARC21slim.xsd"
    xmlns="http://www.loc.gov/MARC21/slim">

  <leader>00819cam a2200241   4500</leader>
  <datafield tag="999" ind1=" " ind2=" ">
    <subfield code="c">129698</subfield>
    <subfield code="d">129698</subfield>
  </datafield>
  <controlfield tag="005">20190507105725.0</controlfield>
  <controlfield tag="008">170620b        sp ||||| |||| 00| 0 spa d</controlfield>
  <datafield tag="020" ind1=" " ind2=" ">
    <subfield code="a">8481850047 (O.C)</subfield>
  </datafield>
  <datafield tag="020" ind1=" " ind2=" ">
    <subfield code="a">8481850055 (V.1)</subfield>
  </datafield>
  <datafield tag="020" ind1=" " ind2=" ">
    <subfield code="a">8481850063 (V.2)</subfield>
  </datafield>
  <datafield tag="020" ind1=" " ind2=" ">
    <subfield code="a">8481850071 (V.3)</subfield>
  </datafield>
  <datafield tag="020" ind1=" " ind2=" ">
    <subfield code="a">8481850098 (V.5)</subfield>
  </datafield>
  <datafield tag="020" ind1=" " ind2=" ">
    <subfield code="a">8481850101 (V.6)</subfield>
  </datafield>
  <datafield tag="020" ind1=" " ind2=" ">
    <subfield code="a">8481850004 (V.7)</subfield>
  </datafield>
  <datafield tag="020" ind1=" " ind2=" ">
    <subfield code="a">848185004(V.8. t.I)</subfield>
  </datafield>
  <datafield tag="020" ind1=" " ind2=" ">
    <subfield code="a">848185004(V.8 t.II)</subfield>
  </datafield>
  <datafield tag="020" ind1=" " ind2=" ">
    <subfield code="a">8481850020 (V.9)</subfield>
  </datafield>
  <datafield tag="020" ind1=" " ind2=" ">
    <subfield code="a">8481850039 (V.10)</subfield>
  </datafield>
  <datafield tag="020" ind1=" " ind2=" ">
    <subfield code="a">8481850888 [V.11]</subfield>
  </datafield>
  <datafield tag="050" ind1="0" ind2="4">
    <subfield code="a">N9070 </subfield>
    <subfield code="b">W67 1994</subfield>
  </datafield>
  <datafield tag="245" ind1=" " ind2="0">
    <subfield code="a">World of environmental design </subfield>
    <subfield code="b">: Urban spaces </subfield>
    <subfield code="c">/ Director. Francisco Asensio Cerver </subfield>
  </datafield>
  <datafield tag="250" ind1=" " ind2=" ">
    <subfield code="a">1a ed.</subfield>
  </datafield>
  <datafield tag="260" ind1=" " ind2=" ">
    <subfield code="a">Barcelona,Espa&#xF1;a :</subfield>
    <subfield code="b">s/e,</subfield>
    <subfield code="c">1994</subfield>
  </datafield>
  <datafield tag="300" ind1=" " ind2=" ">
    <subfield code="a">v. :</subfield>
    <subfield code="b">il.;</subfield>
    <subfield code="c">31 cm.</subfield>
  </datafield>
  <datafield tag="505" ind1="0" ind2=" ">
    <subfield code="t">V.1 t. Streets and Squares</subfield>
    <subfield code="t">V.2 t. Urban Parks</subfield>
    <subfield code="t">V.3 t. Peripheral Parks</subfield>
    <subfield code="t">V.5 Landscape of recreation I : (Sports Facilities)</subfield>
    <subfield code="t">V.6 Landscape of recreations II (Amusement parks)</subfield>
    <subfield code="t">V.7 t. Civil engineering (Nature conservation and land reclamation)</subfield>
    <subfield code="t">V.8 t.I t.  Landscape art</subfield>
    <subfield code="t">V.8 t.II T. Landscape Art</subfield>
    <subfield code="t">V.9 t. Elements of landscape</subfield>
    <subfield code="t">V.10 t. The world of landscape architects</subfield>
    <subfield code="t">[V.11 t. Plazas]</subfield>
  </datafield>
  <datafield tag="650" ind1=" " ind2="4">
    <subfield code="a">Paisajes</subfield>
    <subfield code="x">Arte, parques, jardines</subfield>
  </datafield>
  <datafield tag="650" ind1=" " ind2="7">
    <subfield code="a">Arte visual</subfield>
    <subfield code="x">Paisajes</subfield>
    <subfield code="2">lemb</subfield>
  </datafield>
  <datafield tag="650" ind1=" " ind2="7">
    <subfield code="a">Arte visual</subfield>
    <subfield code="x">Espacios urbanos</subfield>
    <subfield code="2">lemb</subfield>
  </datafield>
  <datafield tag="700" ind1="1" ind2=" ">
    <subfield code="a">Cerver, Francisco Asensio,    </subfield>
    <subfield code="e">Director</subfield>
  </datafield>
  <datafield tag="942" ind1=" " ind2=" ">
    <subfield code="2">lcc</subfield>
    <subfield code="c">LIB</subfield>
  </datafield>
  <datafield tag="952" ind1=" " ind2=" ">
    <subfield code="1">0</subfield>
    <subfield code="2">lcc</subfield>
    <subfield code="4">0</subfield>
    <subfield code="7">0</subfield>
    <subfield code="a">LIC-018</subfield>
    <subfield code="b">LIC-018</subfield>
    <subfield code="c">CONSULTA</subfield>
    <subfield code="d">2017-06-20</subfield>
    <subfield code="f">1a ed.</subfield>
    <subfield code="k">IT</subfield>
    <subfield code="o">N9070 W67 1994</subfield>
    <subfield code="p">BFA000001963</subfield>
    <subfield code="r">2017-06-20 00:00:00</subfield>
    <subfield code="t">C:1 V.1</subfield>
    <subfield code="y">LIB</subfield>
  </datafield>
  <datafield tag="952" ind1=" " ind2=" ">
    <subfield code="1">0</subfield>
    <subfield code="2">lcc</subfield>
    <subfield code="4">0</subfield>
    <subfield code="7">0</subfield>
    <subfield code="a">LIC-018</subfield>
    <subfield code="b">LIC-018</subfield>
    <subfield code="c">CONSULTA</subfield>
    <subfield code="d">2017-06-20</subfield>
    <subfield code="f">1a ed.</subfield>
    <subfield code="k">IT</subfield>
    <subfield code="o">N9070 W67 1994</subfield>
    <subfield code="p">BFA000001964</subfield>
    <subfield code="r">2017-06-20 00:00:00</subfield>
    <subfield code="t">C:2 V.1</subfield>
    <subfield code="y">LIB</subfield>
  </datafield>
  <datafield tag="952" ind1=" " ind2=" ">
    <subfield code="1">0</subfield>
    <subfield code="2">lcc</subfield>
    <subfield code="4">0</subfield>
    <subfield code="7">0</subfield>
    <subfield code="a">LIC-018</subfield>
    <subfield code="b">LIC-018</subfield>
    <subfield code="c">CONSULTA</subfield>
    <subfield code="d">2017-06-20</subfield>
    <subfield code="f">1a ed.</subfield>
    <subfield code="k">IT</subfield>
    <subfield code="o">N9070 W67 1994</subfield>
    <subfield code="p">BFA000001965</subfield>
    <subfield code="r">2017-06-20 00:00:00</subfield>
    <subfield code="t">C:3 V.1</subfield>
    <subfield code="y">LIB</subfield>
  </datafield>
  <datafield tag="952" ind1=" " ind2=" ">
    <subfield code="1">0</subfield>
    <subfield code="2">lcc</subfield>
    <subfield code="4">0</subfield>
    <subfield code="7">0</subfield>
    <subfield code="a">LIC-018</subfield>
    <subfield code="b">LIC-018</subfield>
    <subfield code="c">CONSULTA</subfield>
    <subfield code="d">2017-06-20</subfield>
    <subfield code="f">1a ed.</subfield>
    <subfield code="k">IT</subfield>
    <subfield code="o">N9070 W67 1994</subfield>
    <subfield code="p">BFA000001966</subfield>
    <subfield code="r">2017-06-20 00:00:00</subfield>
    <subfield code="t">C:1 V.2</subfield>
    <subfield code="y">LIB</subfield>
  </datafield>
  <datafield tag="952" ind1=" " ind2=" ">
    <subfield code="1">0</subfield>
    <subfield code="2">lcc</subfield>
    <subfield code="4">0</subfield>
    <subfield code="7">0</subfield>
    <subfield code="a">LIC-018</subfield>
    <subfield code="b">LIC-018</subfield>
    <subfield code="c">CONSULTA</subfield>
    <subfield code="d">2017-06-20</subfield>
    <subfield code="f">1a ed.</subfield>
    <subfield code="k">IT</subfield>
    <subfield code="o">N9070 W67 1994</subfield>
    <subfield code="p">BFA000001967</subfield>
    <subfield code="r">2017-06-20 00:00:00</subfield>
    <subfield code="t">C:1 V.3</subfield>
    <subfield code="y">LIB</subfield>
  </datafield>
  <datafield tag="952" ind1=" " ind2=" ">
    <subfield code="1">0</subfield>
    <subfield code="2">lcc</subfield>
    <subfield code="4">0</subfield>
    <subfield code="7">0</subfield>
    <subfield code="a">LIC-018</subfield>
    <subfield code="b">LIC-018</subfield>
    <subfield code="c">CONSULTA</subfield>
    <subfield code="d">2017-08-29</subfield>
    <subfield code="f">1a ed.</subfield>
    <subfield code="k">IT</subfield>
    <subfield code="o">N9070 W67 1994</subfield>
    <subfield code="p">BFA000002608</subfield>
    <subfield code="r">2017-08-29 00:00:00</subfield>
    <subfield code="t">C:1 V.5 T.I</subfield>
    <subfield code="y">LIB</subfield>
  </datafield>
  <datafield tag="952" ind1=" " ind2=" ">
    <subfield code="1">0</subfield>
    <subfield code="2">lcc</subfield>
    <subfield code="4">0</subfield>
    <subfield code="7">0</subfield>
    <subfield code="a">LIC-018</subfield>
    <subfield code="b">LIC-018</subfield>
    <subfield code="c">CONSULTA</subfield>
    <subfield code="d">2017-08-29</subfield>
    <subfield code="f">1a ed.</subfield>
    <subfield code="k">IT</subfield>
    <subfield code="o">N9070 W67 1994</subfield>
    <subfield code="p">BFA000002609</subfield>
    <subfield code="r">2017-08-29 00:00:00</subfield>
    <subfield code="t">C:1 V.6</subfield>
    <subfield code="y">LIB</subfield>
  </datafield>
  <datafield tag="952" ind1=" " ind2=" ">
    <subfield code="1">0</subfield>
    <subfield code="2">lcc</subfield>
    <subfield code="4">0</subfield>
    <subfield code="7">0</subfield>
    <subfield code="a">LIC-018</subfield>
    <subfield code="b">LIC-018</subfield>
    <subfield code="c">CONSULTA</subfield>
    <subfield code="d">2017-08-29</subfield>
    <subfield code="f">1a ed.</subfield>
    <subfield code="k">IT</subfield>
    <subfield code="o">N9070 W67 1994</subfield>
    <subfield code="p">BFA000002610</subfield>
    <subfield code="r">2017-08-29 00:00:00</subfield>
    <subfield code="t">C:1 V.7</subfield>
    <subfield code="y">LIB</subfield>
  </datafield>
  <datafield tag="952" ind1=" " ind2=" ">
    <subfield code="1">0</subfield>
    <subfield code="2">lcc</subfield>
    <subfield code="4">0</subfield>
    <subfield code="7">0</subfield>
    <subfield code="a">LIC-018</subfield>
    <subfield code="b">LIC-018</subfield>
    <subfield code="c">CONSULTA</subfield>
    <subfield code="d">2017-08-29</subfield>
    <subfield code="f">1a ed.</subfield>
    <subfield code="k">IT</subfield>
    <subfield code="o">N9070 W67 1994</subfield>
    <subfield code="p">BFA000002611</subfield>
    <subfield code="r">2017-08-29 00:00:00</subfield>
    <subfield code="t">C:1 V.8 T.I</subfield>
    <subfield code="y">LIB</subfield>
  </datafield>
  <datafield tag="952" ind1=" " ind2=" ">
    <subfield code="1">0</subfield>
    <subfield code="2">lcc</subfield>
    <subfield code="4">0</subfield>
    <subfield code="7">0</subfield>
    <subfield code="a">LIC-018</subfield>
    <subfield code="b">LIC-018</subfield>
    <subfield code="c">CONSULTA</subfield>
    <subfield code="d">2017-08-29</subfield>
    <subfield code="f">1a ed.</subfield>
    <subfield code="k">IT</subfield>
    <subfield code="o">N9070 W67 1994</subfield>
    <subfield code="p">BFA000002612</subfield>
    <subfield code="r">2017-08-29 00:00:00</subfield>
    <subfield code="t">C:2 V.2 </subfield>
    <subfield code="y">LIB</subfield>
    <subfield code="z">Las primeras 16 paginas de este volumen no corresponden</subfield>
  </datafield>
  <datafield tag="952" ind1=" " ind2=" ">
    <subfield code="1">0</subfield>
    <subfield code="2">lcc</subfield>
    <subfield code="4">0</subfield>
    <subfield code="7">0</subfield>
    <subfield code="a">LIC-018</subfield>
    <subfield code="b">LIC-018</subfield>
    <subfield code="c">CONSULTA</subfield>
    <subfield code="d">2017-08-29</subfield>
    <subfield code="f">1a ed.</subfield>
    <subfield code="k">IT</subfield>
    <subfield code="o">N9070 W67 1994</subfield>
    <subfield code="p">BFA000002613</subfield>
    <subfield code="r">2017-08-29 00:00:00</subfield>
    <subfield code="t">C:1 V.9</subfield>
    <subfield code="y">LIB</subfield>
  </datafield>
  <datafield tag="952" ind1=" " ind2=" ">
    <subfield code="1">0</subfield>
    <subfield code="2">lcc</subfield>
    <subfield code="4">0</subfield>
    <subfield code="7">0</subfield>
    <subfield code="a">LIC-018</subfield>
    <subfield code="b">LIC-018</subfield>
    <subfield code="c">CONSULTA</subfield>
    <subfield code="d">2017-08-29</subfield>
    <subfield code="f">1a ed.</subfield>
    <subfield code="k">IT</subfield>
    <subfield code="o">N9070 W67 1994</subfield>
    <subfield code="p">BFA000002614</subfield>
    <subfield code="r">2017-08-29 00:00:00</subfield>
    <subfield code="t">C:1 V.10</subfield>
    <subfield code="y">LIB</subfield>
  </datafield>
  <datafield tag="952" ind1=" " ind2=" ">
    <subfield code="1">0</subfield>
    <subfield code="2">lcc</subfield>
    <subfield code="4">0</subfield>
    <subfield code="7">0</subfield>
    <subfield code="a">LIC-018</subfield>
    <subfield code="b">LIC-018</subfield>
    <subfield code="c">CONSULTA</subfield>
    <subfield code="d">2017-08-29</subfield>
    <subfield code="f">1a ed.</subfield>
    <subfield code="k">IT</subfield>
    <subfield code="o">N9070 W67 1994 </subfield>
    <subfield code="p">BFA000002615</subfield>
    <subfield code="r">2017-08-29 00:00:00</subfield>
    <subfield code="t">C:2 V.3</subfield>
    <subfield code="y">LIB</subfield>
  </datafield>
  <datafield tag="952" ind1=" " ind2=" ">
    <subfield code="1">0</subfield>
    <subfield code="2">lcc</subfield>
    <subfield code="4">0</subfield>
    <subfield code="7">0</subfield>
    <subfield code="a">LIC-018</subfield>
    <subfield code="b">LIC-018</subfield>
    <subfield code="c">CONSULTA</subfield>
    <subfield code="d">2017-08-29</subfield>
    <subfield code="f">1a ed.</subfield>
    <subfield code="k">IT</subfield>
    <subfield code="o">N9070 W67 1994</subfield>
    <subfield code="p">BFA000002616</subfield>
    <subfield code="r">2017-08-29 00:00:00</subfield>
    <subfield code="t">C:2 V.5 </subfield>
    <subfield code="y">LIB</subfield>
    <subfield code="z">Fotocopia para uso exclusivo de investigaci&#xF3;n</subfield>
  </datafield>
  <datafield tag="952" ind1=" " ind2=" ">
    <subfield code="1">0</subfield>
    <subfield code="2">lcc</subfield>
    <subfield code="4">0</subfield>
    <subfield code="7">0</subfield>
    <subfield code="a">LIC-018</subfield>
    <subfield code="b">LIC-018</subfield>
    <subfield code="c">CONSULTA</subfield>
    <subfield code="d">2017-08-29</subfield>
    <subfield code="f">1a ed.</subfield>
    <subfield code="k">IT</subfield>
    <subfield code="o">N9070 W67 1994</subfield>
    <subfield code="p">BFA000002617</subfield>
    <subfield code="r">2017-08-29 00:00:00</subfield>
    <subfield code="t">C:2 V.7</subfield>
    <subfield code="y">LIB</subfield>
    <subfield code="z">Fotocopia para uso exclusivo de investigaci&#xF3;n</subfield>
  </datafield>
  <datafield tag="952" ind1=" " ind2=" ">
    <subfield code="1">0</subfield>
    <subfield code="2">lcc</subfield>
    <subfield code="4">0</subfield>
    <subfield code="7">0</subfield>
    <subfield code="a">LIC-018</subfield>
    <subfield code="b">LIC-018</subfield>
    <subfield code="c">CONSULTA</subfield>
    <subfield code="d">2017-08-29</subfield>
    <subfield code="f">1a ed.</subfield>
    <subfield code="k">IT</subfield>
    <subfield code="o">N9070 W67 1994</subfield>
    <subfield code="p">BFA000002618</subfield>
    <subfield code="r">2017-08-29 00:00:00</subfield>
    <subfield code="t">C:2 V.8 T.I</subfield>
    <subfield code="y">LIB</subfield>
    <subfield code="z">Fotocopia para uso exclusivo de investigaci&#xF3;n</subfield>
  </datafield>
  <datafield tag="952" ind1=" " ind2=" ">
    <subfield code="1">0</subfield>
    <subfield code="2">lcc</subfield>
    <subfield code="4">0</subfield>
    <subfield code="7">0</subfield>
    <subfield code="a">LIC-018</subfield>
    <subfield code="b">LIC-018</subfield>
    <subfield code="c">CONSULTA</subfield>
    <subfield code="d">2017-08-29</subfield>
    <subfield code="f">1a ed.</subfield>
    <subfield code="k">IT</subfield>
    <subfield code="o">N9070 W67 1994</subfield>
    <subfield code="p">BFA000002619</subfield>
    <subfield code="r">2017-08-29 00:00:00</subfield>
    <subfield code="t">C:2 V.9</subfield>
    <subfield code="y">LIB</subfield>
    <subfield code="z">Fotocopia para uso exclusivo de investigaci&#xF3;n</subfield>
  </datafield>
  <datafield tag="952" ind1=" " ind2=" ">
    <subfield code="1">0</subfield>
    <subfield code="2">lcc</subfield>
    <subfield code="4">0</subfield>
    <subfield code="7">0</subfield>
    <subfield code="a">LIC-018</subfield>
    <subfield code="b">LIC-018</subfield>
    <subfield code="c">CONSULTA</subfield>
    <subfield code="d">2017-08-29</subfield>
    <subfield code="f">1a ed.</subfield>
    <subfield code="k">IT</subfield>
    <subfield code="o">N9070 W67 1994</subfield>
    <subfield code="p">BFA000002620</subfield>
    <subfield code="r">2017-08-29 00:00:00</subfield>
    <subfield code="t">C:2 V.10</subfield>
    <subfield code="y">LIB</subfield>
    <subfield code="z">Fotocopia para uso exclusivo de investigaci&#xF3;n</subfield>
  </datafield>
  <datafield tag="952" ind1=" " ind2=" ">
    <subfield code="1">0</subfield>
    <subfield code="2">lcc</subfield>
    <subfield code="4">0</subfield>
    <subfield code="7">0</subfield>
    <subfield code="a">LIC-018</subfield>
    <subfield code="b">LIC-018</subfield>
    <subfield code="c">CONSULTA</subfield>
    <subfield code="d">2017-08-29</subfield>
    <subfield code="f">1a ed.</subfield>
    <subfield code="k">IT</subfield>
    <subfield code="o">N9070 W67 1997</subfield>
    <subfield code="p">BFA000002625</subfield>
    <subfield code="r">2017-08-29 00:00:00</subfield>
    <subfield code="t">C:1 V.[11]</subfield>
    <subfield code="y">LIB</subfield>
  </datafield>
  <datafield tag="952" ind1=" " ind2=" ">
    <subfield code="1">0</subfield>
    <subfield code="2">lcc</subfield>
    <subfield code="4">0</subfield>
    <subfield code="7">0</subfield>
    <subfield code="a">LIC-018</subfield>
    <subfield code="b">LIC-018</subfield>
    <subfield code="c">CONSULTA</subfield>
    <subfield code="d">2017-09-25</subfield>
    <subfield code="f">1a ed.</subfield>
    <subfield code="k">IT</subfield>
    <subfield code="o">N9070 W67 1994</subfield>
    <subfield code="p">BFA000001448</subfield>
    <subfield code="r">2017-09-25 00:00:00</subfield>
    <subfield code="t">C:4 V.1</subfield>
    <subfield code="y">LIB</subfield>
    <subfield code="z">Fotocopia para uso exclusivo de investigaci&#xF3;n</subfield>
  </datafield>
</record>
